Le vergini suicide /

Na minha lista:
Detalhes bibliográficos
Autor principal: Eugenides, Jeffrey (Author)
Outros Autores: Stella, Cristina
Formato: Livro
Idioma:Língua italiana
Publicado em: Milano : A. Mondadori, 1994
Colecção:Omnibus
Tags: Adicionar Tag
Sem tags, seja o primeiro a adicionar uma tag!

MARC

LEADER 00000nam a2200000 i 4500
001 IT\ICCU\LO1\0328627
003 ItRI
005 20260115231847.0
008 940321s1994 it |||||| ||||| |||||c
015 |2 IT  |a 94-3247 
020 |a 8804378832 
040 |b ita  |c importazione bologna sebina 
041 7 |a ita  |2 ISO-639-2 
082 |a 813.54  |9 Letteratura americana in inglese. Narrativa. 1945-  |2 20 
100 1 |a Eugenides, Jeffrey  |0 IT\ICCU\LO1V\137996  |4 aut 
240 1 4 |a The virgin suicides.  |3 IT\ICCU\UM1\0144287  |9 Eugenides, Jeffrey 
245 1 3 |a Le vergini suicide /  |c Jeffrey Eugenides ; traduzione di Cristina Stella. 
260 |a Milano :  |b A. Mondadori,  |c 1994 
300 |a 226 p. ;  |c 23 cm. 
700 1 |a Stella, Cristina  |0 IT\ICCU\BVEV\013749 
830 0 |a Omnibus  |0 IT\ICCU\CFI\0000512 
942 |2 ddc  |c BK  |n 0 
952 |0 0  |1 0  |4 0  |6 DOC_813_540000000000000_EUG  |7 0  |9 14485  |a BO  |b BO  |d 2026-01-15  |i 14236  |l 0  |o DOC 813.54 EUG  |p BO14236  |r 2026-01-15 23:18:47  |w 2026-01-15  |x [Sebina 5] [1 v.]  |y BK  |z 1 v. 
999 |c 12498  |d 12498